| 000 | 00968nam a2200253 i 4500 | ||
|---|---|---|---|
| 001 | bg | ||
| 003 | KOSZ 005 | ||
| 005 | 20191026113511.0 | ||
| 008 | 080201s1963 pl a f 000 0 pol | ||
| 015 | _aPB 1964/1815 | ||
| 040 |
_aWA N _cKOSZ 005/RW _dKOSZ 005/RW |
||
| 080 | _a624:389 | ||
| 100 | 1 |
_aJanicki, Stefan _d(1909-1990) _eAutor |
|
| 245 | 1 | 0 |
_aPodstawy typizacji w budownictwie : _bprojektowanie / _cStefan Janicki. |
| 260 |
_aWarszawa : _bWydawnictwa Normalizacyjne, _c1963. |
||
| 300 |
_a369, [2] s. : _bil. ; _c25 cm. |
||
| 380 | _aKsiążki. | ||
| 504 | _aBibliogr. s. [371]. | ||
| 521 | 8 | _aDla projektantów oraz studentów wydziałów architektury i inżynierii politechnik i innych szkół technicznych. | |
| 650 | 4 |
_aBudownictwo _xnormalizacja. |
|
| 710 | 2 |
_aWydawnictwa Normalizacyjne _4pbl. |
|
| 856 |
_uhttp://koha.tu.koszalin.pl/cgi-bin/koha/opac-detail.pl?biblionumber=11363 _yKatalog online BPK |
||
| 942 |
_2UKD _cKS |
||
| 999 |
_c11363 _d11363 |
||